header

Arctic oil and gas (Record no. 61918)

MARC details
000 -LEADER
fixed length control field 02639nam a2200421 a 4500
082 04 - DEWEY DECIMAL CLASSIFICATION NUMBER
Classification number 333.8/2309113
245 00 - TITLE STATEMENT
Title Arctic oil and gas
260 ## - PUBLICATION, DISTRIBUTION, ETC. (IMPRINT)
Place of publication Hauppauge, N.Y. :
Name of publisher Nova Science Publishers,
Year of publication c2011.
300 ## - PHYSICAL DESCRIPTION
Number of Pages viii, 140 p. :
Other physical details ill., maps.
490 1# - SERIES STATEMENT
Series statement Energy science, engineering and technology
Series statement Environmental science, engineering and technology
505 0# - FORMATTED CONTENTS NOTE
Formatted contents note Offshore drilling in the Arctic : background and issues for the future consideration of oil and gas activities / National Commission on the BP Deepwater Horizon Oil Spill and Offshore Drilling -- The challenges of oil spill response in the Arctic / National Commission on the BP Deepwater Horizon Oil Spill and Offshore Drilling -- Analysis of crude oil production in the Arctic National Wildlife Refuge / Energy Information Administration -- Possible federal revenue from oil development of ANWR and nearby areas / Salvatore Lazzari -- Potential impacts of proposed oil and gas development on the Arctic Refuge's coastal plain : historical overview and Issues of concern, history of the Arctic Refuge as it relates to oil in Alaska / U.S. Fish and Wildlife Service.
650 #0 - SUBJECT ADDED ENTRY--TOPICAL TERM
Topical Term Offshore oil well drilling
Topical Term Offshore gas well drilling
Topical Term Offshore oil well drilling
Topical Term Offshore gas well drilling
700 1# - ADDED ENTRY--PERSONAL NAME
Personal name Shumenko, Roman.
856 40 - ELECTRONIC LOCATION AND ACCESS
Uniform Resource Identifier http://site.ebrary.com/lib/rucke/Doc?id=10670948

No items available.

© 2026 Rongo University
Contact us: librarian | system librarian | Rongo university